00622nam a2200181Ia 4500003000500000008004100005020001800046040001900064082000700083100006400090245006500154260003600219300000800255546001200263942001200275999001700287952013600304STCL181203s9999 xx 000 0 und d a9788187134190 aSTCLbENcSTCL 222 aMukhopadhyay, Raghupati; Datta, Sriparna; Das, Rajib Kumar  0aTextbook of Pharmaceutical Chemistry and Medicinal Chemistry bBooks and AlliedaKolkatac2013 a378 aEnglish 2ddccBK c83167d83167 00102ddc4070aSTCALbSTCALcGENd2015-06-10g255.00l4m13o615.19 MUK-Rp92324r2019-12-21 00:00:00s2019-12-05w2015-06-10yBK